000 01131nam a22002657a 4500
003 OSt
005 20220201140608.0
008 200907b2004 ck p|||br|||| 00| 0dspa d
020 _a9583052520
040 _aCO-JMCR
_cCO-JMCR
082 0 4 _aC /
_bCASn
_223
100 1 _aCastilla, Julia Mercedes,
_eautora
_96540
245 1 0 _aNadie se llama Perucho Corchuelo /
_cJulia Mercedes Castilla ; ilustraciones, Fernando Córtes
260 _aBogotá :
_bPanamericana,
_c2004.
300 _a40 páginas :
_bilustraciones a color ;
_c22 cm.
490 1 _aColección OA
500 _aDatos biográficos de los autores páginas 40.
520 0 _aPerucho Corchuelo prefiere que lo llamen Santiago Roché porque sí es un nombre común. También le gusta ir a casa de sus abuelos, jugar con sus amigos e ir al cine. Pero a casa de sus abuelos les gusta llevar a Perucho al circo, no a ningún Santiago...
521 _aInfantil.
650 2 4 _2Nombres, Personales
_vFicción juvenil.
_99903
650 2 4 _2Abuelos
_vFicción juvenil.
_99903
650 2 4 _2Abuelos.
700 1 _aCortés, Fernando,
_eilustrador
_99904
942 _2ddc
_cBK
999 _c6826
_d6826